000 00213 a2200097 4500
001 60416
090 _c37014
_d37014
100 _aPAF
245 _aAerodynamics (AD And A&SD Courses)
260 _aPAF
_bPAF Press Masroor
_c2008
942 _aCAENUST
999 _c295489
_d295489